000 00721nam a2200193 a 4500
001 BRCA_2090
005 20190320203650.0
008 110808s1989----mx-#---###---#000-0#spa-#
050 4 _aF1391.P8
_b.L43 28
_c1989
100 1 _aEsparza, Antonio
_96348
245 1 0 _aRealidad y leyenda de Gutierre de Cetina
_cAntonio Esparza.
260 _aPuebla, México
_bGobierno del Estado de Puebla : Secretaría de Cultura : Comisión Puebla V Centenario
_c1989
300 _a26 p.
_c21 cm.
440 0 _aLecturas Históricas de Puebla
_n28
_96349
600 1 4 _aGutierre de Cetina
_d1520-1557
_vBiografías
_96350
651 4 _aPuebla (México)
_xHistoria
_9409
651 4 _aPuebla (México)
_xLecturas históricas
_96338
942 _2lcc
_cB
999 _c1847
_d1847